Cesta našimi dejinami očami priateľov staroslávnej Nitry

Bibliographic Details
Main Author: Libant, Vladimír (Author, Photographer)
Other Authors: Gažo, Juraj (Photographer), Chlebo, Ján, 1923-1996 (Photographer), Magula, Daniel (Photographer), Polčík, Pavel (Photographer)
Format: Book
Language:Slovak
PhysicalDescription:527 strán erby, faksimile, fotografie, mapy, plány 30 cm
Published: Nitra Garmond 2025
ISBN:9788082660916
Edition:Prvé vydanie
Subjects:

MARC

LEADER 00000cam a2200000 4500
001 vtls012289800
003 SK-MaSNL
005 20260301193147.0
008 260115s2025 xo ihobg 000 0 slo
015 |a SNBA2026/01 
020 |a 9788082660916  |q (viazané) 
040 |a SNK  |b slo  |c SNK  |e rda 
041 0 |a slo 
043 |a e-xo--- 
044 |a xo  |c SK 
072 7 |a +94(437.6)  |x Dejiny Slovenska  |2 konspekt 
080 |a 93/94-027.541  |2 2011 
080 |a (437.6)  |2 2011 
080 |a (048.8)  |2 2011 
100 1 |a Libant, Vladimír  |4 aut  |4 pht  |9 7040 
245 1 0 |a Cesta našimi dejinami  |b očami priateľov staroslávnej Nitry  |c Vladimír Libant 
250 |a Prvé vydanie 
264 1 |a Nitra  |b Garmond  |c 2025 
300 |a 527 strán  |b erby, faksimile, fotografie, mapy, plány  |c 30 cm 
336 |a text  |b txt  |2 rdacontent 
336 |a statický obraz  |b sti  |2 rdacontent 
337 |a bez média  |b n  |2 rdamedia 
338 |a zväzok  |b nc  |2 rdacarrier 
650 0 7 |a regionálne dejiny  |2 SNKPH  |9 63645 
650 0 7 |a Regional history  |2 SNKPHeng  |9 266493 
651 7 |a Nitra (Slovensko)  |2 SNKPHgeo  |9 15714 
651 7 |a Nitra (Slovakia)  |2 SNKPHeng  |9 265425 
655 7 |a monografie  |2 SNKPH  |9 70139 
655 7 |a Monographs  |2 SNKPHeng  |9 120675 
700 1 |a Gažo, Juraj  |4 pht  |9 572316 
700 1 |a Chlebo, Ján,  |d 1923-1996  |4 pht  |9 38604 
700 1 |a Magula, Daniel  |4 pht  |9 350224 
700 1 |a Polčík, Pavel  |4 pht  |9 572317 
852 |a Slovenská národná knižnica 
919 |a 978-80-8266-091-6 
954 |a odborná, vedecká literatúra pôvodná (slovenská)  |2 lita 
999 |c 876166  |d 878096 
952 |a SNK  |b SNK  |y PREZ  |7 0  |p 17A1583662  |o snkSB 102228  |i snk2026/601  |8 0  |z Vlastnoručný podpis autora na titulnom liste  |0 0  |1 0  |4 0  |d 2026-01-15  |l 0  |r 2026-02-24 05:58:01  |w 2026-02-24